| 000 | 00533nam a22001937a 4500 | ||
|---|---|---|---|
| 999 |
_c11675 _d11675 |
||
| 008 | 201023b 2005 ||||| |||| 00| 0 eng d | ||
| 020 | _a0750665556 | ||
| 082 |
_a623.8881 _bHOU |
||
| 100 | _aHouse, David J. | ||
| 245 | _aCargo work for maritime operations | ||
| 250 | _a7th | ||
| 260 |
_aUSA _bElsevier Butterworth-Heinemann _c2005 |
||
| 300 | _axviii,323p. | ||
| 504 | _a"Includes Appendix and Index". | ||
| 650 | _aHatchwork and heavy-lift cargoes | ||
| 650 | _aBulk cargoes | ||
| 650 | _aTanker cargoes | ||
| 942 | _cBK | ||